[Event "Titled Tuesday intern op 28th Dec"]
[Site "Chess.com INT"]
[Date "2021.12.28"]
[Round "3"]
[White "Shuvalov, Evgenij"]
[Black "Pastar, Slaven"]
[Result "0-1"]
[WhiteElo "2182"]
[BlackElo "2337"]
[PlyCount "76"]
[EventDate "2021.12.28"]
[EventType "swiss (blitz)"]
[EventRounds "11"]
[EventCountry "USA"]
[SourceTitle "CBM 206 Extra"]
[Source "ChessBase"]
[SourceDate "2022.03.31"]
[SourceVersion "1"]
[SourceVersionDate "2022.03.31"]
[SourceQuality "1"]

1. Nf3 b6 2. e4 Bb7 3. Nc3 e6 4. a3 Nf6 5. d3 d5 6. e5 Nfd7 7. d4 c5 8. Bf4 Nc6 9. Bb5 a6 10. Bxc6 Bxc6 11. O-O Be7 12. Re1 O-O 13. Bg3 b5 14. Ne2 b4 15. a4 Rb8 16. b3 c4 17. Nf4 Re8 18. h4 a5 19. h5 h6 20. Nh2 Nf8 21. Qg4 Nh7 22. Ne2 cxb3 23. cxb3 Bb7 24. f4 Ba6 25. Nc1 Qc8 26. Ra2 Qc3 27. Qd1 Qxg3 28. Rf2 Bh4 29. Ng4 Rbc8 30. Re3 Rxc1 31. Qxc1 Qxg4 32. g3 Rc8 33. Qd2 Be7 34. Kg2 Qxh5 35. Ref3 Qf5 36. Kh2 Nf8 37. Rg2 Qh5+ 38. Kg1 Qxf3 0-1

[Event "Titled Tuesday intern op 28th Dec"]
[Site "Chess.com INT"]
[Date "2021.12.28"]
[Round "3"]
[White "Skliarov, Viktor"]
[Black "Urazayev, Arystanbek"]
[Result "0-1"]
[WhiteElo "2387"]
[BlackElo "2437"]
[PlyCount "52"]
[EventDate "2021.12.28"]
[EventType "swiss (blitz)"]
[EventRounds "11"]
[EventCountry "USA"]
[SourceTitle "CBM 206 Extra"]
[Source "ChessBase"]
[SourceDate "2022.03.31"]
[SourceVersion "1"]
[SourceVersionDate "2022.03.31"]
[SourceQuality "1"]

1. e4 c5 2. Nf3 e6 3. c3 Nf6 4. Bd3 d5 5. e5 Nfd7 6. Bc2 Nc6 7. d4 Be7 8. O-O g5 9. h3 h5 10. g4 hxg4 11. hxg4 b6 12. Kg2 Bb7 13. a3 Qc7 14. b4 cxd4 15. cxd4 Ncxe5 16. dxe5 Nxe5 17. Ba4+ Kf8 18. Qd4 Bf6 19. Bxg5 Bg7 20. Rc1 Nc4 21. Qf4 e5 22. Rxc4 dxc4 23. Qf5 e4 24. Bf4 exf3+ 25. Kg3 Qe7 26. g5 Bxa1 0-1

[Event "Titled Tuesday intern op 28th Dec"]
[Site "Chess.com INT"]
[Date "2021.12.28"]
[Round "3"]
[White "Sliwicki, Damian"]
[Black "Milanovic, Marko"]
[Result "1-0"]
[WhiteElo "2168"]
[BlackElo "2309"]
[PlyCount "55"]
[EventDate "2021.12.28"]
[EventType "swiss (blitz)"]
[EventRounds "11"]
[EventCountry "USA"]
[SourceTitle "CBM 206 Extra"]
[Source "ChessBase"]
[SourceDate "2022.03.31"]
[SourceVersion "1"]
[SourceVersionDate "2022.03.31"]
[SourceQuality "1"]

1. e4 e5 2. Nf3 Nc6 3. d4 exd4 4. Bc4 Nf6 5. O-O Nxe4 6. Re1 d5 7. Bxd5 Qxd5 8. Nc3 Qd7 9. Nxe4 Be7 10. Bg5 O-O 11. Bxe7 Qxe7 12. Nxd4 Nxd4 13. Qxd4 Bf5 14. Ng3 Qg5 15. Re5 g6 16. Ne4 Qd8 17. Rd5 c5 18. Nf6+ Kh8 19. Qc3 Qc8 20. Nd7+ Kg8 21. Nf6+ Kh8 22. Ne8+ f6 23. Nxf6 Rf7 24. Re1 Qc6 25. Ng4+ Rg7 26. Re7 Rag8 27. Rd8 Bxc2 28. Qxg7# 1-0

[Event "Titled Tuesday intern op 28th Dec"]
[Site "Chess.com INT"]
[Date "2021.12.28"]
[Round "3"]
[White "Sluka, Radek"]
[Black "Omariev, Maksim"]
[Result "1-0"]
[WhiteElo "2330"]
[BlackElo "2304"]
[PlyCount "73"]
[EventDate "2021.12.28"]
[EventType "swiss (blitz)"]
[EventRounds "11"]
[EventCountry "USA"]
[SourceTitle "CBM 206 Extra"]
[Source "ChessBase"]
[SourceDate "2022.03.31"]
[SourceVersion "1"]
[SourceVersionDate "2022.03.31"]
[SourceQuality "1"]

1. e4 c5 2. Nf3 d6 3. d4 cxd4 4. Nxd4 Nf6 5. Nc3 a6 6. h3 e6 7. g4 Be7 8. Bg2 Nfd7 9. O-O Qc7 10. a4 b6 11. Be3 Bb7 12. f4 g6 13. f5 gxf5 14. gxf5 e5 15. Nde2 Nf6 16. Nd5 Bxd5 17. exd5 Nbd7 18. a5 b5 19. c4 Qxc4 20. Rc1 Qb3 21. Qd2 O-O 22. Rc3 Qb4 23. Bh6 Qh4 24. Rg3+ Qxg3 25. Nxg3 Kh8 26. Bxf8 Bxf8 27. Rc1 Nc5 28. Qg5 Be7 29. b4 Ncd7 30. Qe3 Rg8 31. Kh2 Ne8 32. Rc8 Bg5 33. Qa7 Ndf6 34. Kh1 Bf4 35. Ne4 Nxe4 36. Bxe4 Be3 37. Qxe3 1-0

[Event "Titled Tuesday intern op 28th Dec"]
[Site "Chess.com INT"]
[Date "2021.12.28"]
[Round "3"]
[White "Sorokin, Aleksey"]
[Black "Khripachenko, Alexander"]
[Result "1-0"]
[WhiteElo "2536"]
[BlackElo "2288"]
[PlyCount "61"]
[EventDate "2021.12.28"]
[EventType "swiss (blitz)"]
[EventRounds "11"]
[EventCountry "USA"]
[SourceTitle "CBM 206 Extra"]
[Source "ChessBase"]
[SourceDate "2022.03.31"]
[SourceVersion "1"]
[SourceVersionDate "2022.03.31"]
[SourceQuality "1"]

1. e4 c5 2. Nf3 d6 3. d4 cxd4 4. Nxd4 Nf6 5. Nc3 a6 6. Bg5 Nbd7 7. Qe2 Qa5 8. h4 b5 9. a3 Bb7 10. g4 Rc8 11. Bg2 b4 12. Nb3 Qb6 13. Be3 Nc5 14. Na4 Qc7 15. Naxc5 dxc5 16. Nxc5 bxa3 17. Rxa3 e6 18. Rc3 Qc6 19. O-O Be7 20. g5 Nd7 21. Nxb7 Qxb7 22. e5 Qb8 23. Bc6 Rxc6 24. Rxc6 Nxe5 25. Rb6 Qa8 26. f4 Nd7 27. Rxa6 Qb8 28. Rd1 Nc5 29. Ra5 Qc8 30. Qb5+ Nd7 31. Ra7 1-0

[Event "Titled Tuesday intern op 28th Dec"]
[Site "Chess.com INT"]
[Date "2021.12.28"]
[Round "3"]
[White "Starosta, Martyna"]
[Black "Reprintsev, Alexander"]
[Result "0-1"]
[WhiteElo "1938"]
[BlackElo "2353"]
[PlyCount "98"]
[EventDate "2021.12.28"]
[EventType "swiss (blitz)"]
[EventRounds "11"]
[EventCountry "USA"]
[SourceTitle "CBM 206 Extra"]
[Source "ChessBase"]
[SourceDate "2022.03.31"]
[SourceVersion "1"]
[SourceVersionDate "2022.03.31"]
[SourceQuality "1"]

1. e4 d5 2. exd5 Qxd5 3. Nc3 Qa5 4. d4 Nf6 5. Nf3 Nc6 6. d5 Nb4 7. Bc4 e6 8. dxe6 Bxe6 9. Bxe6 fxe6 10. O-O Bd6 11. Qe2 Qf5 12. Nd4 Qe5 13. Qxe5 Bxe5 14. Nxe6 Nxc2 15. Rb1 Kd7 16. Nc5+ Kc6 17. Nd3 Bxc3 18. bxc3 Rad8 19. Ne5+ Kc5 20. Nf7 Kc4 21. Nxh8 Rxh8 22. Bf4 Nd5 23. Be5 b5 24. Rfc1 Re8 25. Bxg7 Re7 26. Bf8 Rf7 27. Bh6 Rf6 28. Bg5 Rg6 29. h4 Na3 30. Rb3 Ra6 31. Rd1 Nxc3 32. Rc1 b4 33. Bd2 Nab5 34. Bxc3 bxc3 35. a3 Rxa3 36. Rcxc3+ Nxc3 37. Rxa3 Nb5 38. Ra4+ Kb3 39. Ra5 Kb4 40. Ra6 c5 41. Rh6 c4 42. Rxh7 c3 43. Re7 c2 44. Re1 Nc3 45. h5 Nd1 46. h6 c1=Q 47. h7 Qh6 48. Rxd1 Qxh7 49. Ra1 a5 0-1

[Event "Titled Tuesday intern op 28th Dec"]
[Site "Chess.com INT"]
[Date "2021.12.28"]
[Round "3"]
[White "Stoyanov, Tsvetan"]
[Black "Kislinsky, Alexey"]
[Result "1-0"]
[WhiteElo "2424"]
[BlackElo "2351"]
[PlyCount "55"]
[EventDate "2021.12.28"]
[EventType "swiss (blitz)"]
[EventRounds "11"]
[EventCountry "USA"]
[SourceTitle "CBM 206 Extra"]
[Source "ChessBase"]
[SourceDate "2022.03.31"]
[SourceVersion "1"]
[SourceVersionDate "2022.03.31"]
[SourceQuality "1"]

1. e4 c5 2. Nf3 Nc6 3. d4 cxd4 4. Nxd4 g6 5. c4 Bg7 6. Be3 Qb6 7. Nb3 Qd8 8. Qd2 Nf6 9. f3 O-O 10. Nc3 a5 11. Nd5 Nxd5 12. cxd5 Ne5 13. a4 d6 14. Be2 e6 15. f4 Ng4 16. Bxg4 Qh4+ 17. Qf2 Qxg4 18. h3 Qh5 19. g4 Qh6 20. f5 g5 21. h4 Qf6 22. Bd4 e5 23. Be3 Bh6 24. Qd2 Qd8 25. hxg5 Bg7 26. f6 Bxf6 27. Qh2 Qe8 28. Qxh7# 1-0

[Event "Titled Tuesday intern op 28th Dec"]
[Site "Chess.com INT"]
[Date "2021.12.28"]
[Round "3"]
[White "Terletsky, Oleg"]
[Black "Einarsson, Halldor Gretar"]
[Result "1-0"]
[WhiteElo "2154"]
[BlackElo "2207"]
[PlyCount "93"]
[EventDate "2021.12.28"]
[EventType "swiss (blitz)"]
[EventRounds "11"]
[EventCountry "USA"]
[SourceTitle "CBM 206 Extra"]
[Source "ChessBase"]
[SourceDate "2022.03.31"]
[SourceVersion "1"]
[SourceVersionDate "2022.03.31"]
[SourceQuality "1"]

1. e4 e5 2. Nf3 Nc6 3. Nc3 Nf6 4. d4 exd4 5. Nxd4 Bc5 6. Nxc6 bxc6 7. Bd3 d5 8. exd5 cxd5 9. O-O O-O 10. Bg5 c6 11. Qf3 Be7 12. Rae1 h6 13. Bxh6 gxh6 14. Qe3 Re8 15. Qxh6 Bf8 16. Rxe8 Qxe8 17. Qxf6 Bg7 18. Qh4 Rb8 19. Nd1 c5 20. b3 Rb4 21. Qh7+ Kf8 22. Ne3 Qe5 23. c4 d4 24. Nd5 Rb8 25. Qh4 Bb7 26. f4 Qe6 27. Re1 Qd6 28. f5 Bxd5 29. cxd5 Rb6 30. Bc4 d3 31. Bxd3 Qxd5 32. Bc4 Qd4+ 33. Qxd4 cxd4 34. g4 a5 35. a4 Rd6 36. Rd1 Bh6 37. Kg2 Be3 38. Kf3 Rh6 39. Kg3 Ke7 40. h4 Kd6 41. g5 Rh8 42. Bxf7 Ke5 43. Bc4 Kxf5 44. Rf1+ Ke5 45. Kg4 Ke4 46. Rf7 Re8 47. Rd7 1-0

[Event "Titled Tuesday intern op 28th Dec"]
[Site "Chess.com INT"]
[Date "2021.12.28"]
[Round "3"]
[White "Vifleemskaia, Svetlana"]
[Black "Agamaliev, Gamil"]
[Result "0-1"]
[WhiteElo "1926"]
[BlackElo "2485"]
[PlyCount "120"]
[EventDate "2021.12.28"]
[EventType "swiss (blitz)"]
[EventRounds "11"]
[EventCountry "USA"]
[SourceTitle "CBM 206 Extra"]
[Source "ChessBase"]
[SourceDate "2022.03.31"]
[SourceVersion "1"]
[SourceVersionDate "2022.03.31"]
[SourceQuality "1"]

1. d4 Nf6 2. c4 e6 3. Nc3 Bb4 4. e3 d5 5. Nge2 O-O 6. a3 Be7 7. cxd5 exd5 8. g3 Nbd7 9. Bg2 Nb6 10. O-O Re8 11. b3 h6 12. a4 a5 13. Ba3 Bxa3 14. Rxa3 Qe7 15. Ra2 Bf5 16. Nf4 Rad8 17. Nd3 Bxd3 18. Qxd3 c6 19. Rb1 Nc8 20. Rab2 Nd6 21. h3 Nfe4 22. Nxe4 dxe4 23. Qc3 Qc7 24. b4 axb4 25. Qxb4 Ra8 26. Ra2 Ra5 27. Qb6 Qxb6 28. Rxb6 Rea8 29. Rb4 b5 30. Rc2 Rxa4 31. Rxa4 bxa4 32. Rxc6 a3 33. Rc1 f5 34. f3 a2 35. Ra1 Nb5 36. fxe4 Nc3 37. exf5 Rb8 38. Rxa2 Rb1+ 39. Kf2 Nxa2 40. Bd5+ Kf8 41. Bxa2 Rb2+ 42. Kf3 Rxa2 43. e4 Kf7 44. Kf4 Rf2+ 45. Ke3 Ra2 46. Kf4 Ra4 47. d5 Kf6 48. h4 h5 49. d6 Rd4 50. d7 Rxd7 51. e5+ Ke7 52. Kg5 Rd5 53. Kxh5 Rxe5 54. Kg6 Kf8 55. g4 Re4 56. Kg5 Kf7 57. h5 Rd4 58. Kh4 Kf6 59. h6 gxh6 60. Kh5 Re4 0-1

[Event "Titled Tuesday intern op 28th Dec"]
[Site "Chess.com INT"]
[Date "2021.12.28"]
[Round "3"]
[White "Vovk, Orest"]
[Black "Sevgi, Volkan"]
[Result "0-1"]
[WhiteElo "2315"]
[BlackElo "2344"]
[PlyCount "56"]
[EventDate "2021.12.28"]
[EventType "swiss (blitz)"]
[EventRounds "11"]
[EventCountry "USA"]
[SourceTitle "CBM 206 Extra"]
[Source "ChessBase"]
[SourceDate "2022.03.31"]
[SourceVersion "1"]
[SourceVersionDate "2022.03.31"]
[SourceQuality "1"]

1. h4 d5 2. h5 e5 3. h6 Nxh6 4. d4 e4 5. Bxh6 gxh6 6. e3 c5 7. Ne2 Nc6 8. Nbc3 cxd4 9. Nxd4 Bg7 10. Rh5 Nxd4 11. Rxd5 Qb6 12. exd4 Qxb2 13. Bb5+ Ke7 14. Na4 Qa3 15. Rb1 Be6 16. Rb3 Qxa2 17. Nc3 Qa5 18. Bc4 Bxd5 19. Bxd5 Rac8 20. Rxb7+ Rc7 21. Rxc7+ Qxc7 22. Qd2 Rd8 23. Bxe4 Kf8 24. Ne2 a5 25. c3 a4 26. Qa2 Qe7 27. f3 a3 28. Kf2 Rb8 0-1

[Event "Titled Tuesday intern op 28th Dec"]
[Site "Chess.com INT"]
[Date "2021.12.28"]
[Round "3"]
[White "Walentukiewicz, Michal"]
[Black "Jodorcovsky Werjivker, Paulo"]
[Result "0-1"]
[WhiteElo "2094"]
[BlackElo "2213"]
[PlyCount "50"]
[EventDate "2021.12.28"]
[EventType "swiss (blitz)"]
[EventRounds "11"]
[EventCountry "USA"]
[SourceTitle "CBM 206 Extra"]
[Source "ChessBase"]
[SourceDate "2022.03.31"]
[SourceVersion "1"]
[SourceVersionDate "2022.03.31"]
[SourceQuality "1"]

1. g3 e5 2. Bg2 d5 3. c4 Be6 4. cxd5 Bxd5 5. Nf3 Nd7 6. O-O Ngf6 7. Nc3 Bc6 8. d3 Bd6 9. Be3 O-O 10. Qc2 Ng4 11. Bd2 f5 12. a3 a5 13. Rfc1 Qe7 14. Rab1 a4 15. e4 f4 16. d4 fxg3 17. hxg3 exd4 18. Nxd4 Rxf2 19. Nxc6 bxc6 20. Bh3 Bc5 21. Nxa4 Rxd2+ 22. Nxc5 Rxc2 23. Rxc2 Nxc5 24. Bxg4 Qxe4 25. Rbc1 Nd3 0-1

[Event "Titled Tuesday intern op 28th Dec"]
[Site "Chess.com INT"]
[Date "2021.12.28"]
[Round "3"]
[White "Zhang, Alan"]
[Black "Brunner, Nicolas"]
[Result "1-0"]
[WhiteElo "2077"]
[BlackElo "2415"]
[PlyCount "65"]
[EventDate "2021.12.28"]
[EventType "swiss (blitz)"]
[EventRounds "11"]
[EventCountry "USA"]
[SourceTitle "CBM 206 Extra"]
[Source "ChessBase"]
[SourceDate "2022.03.31"]
[SourceVersion "1"]
[SourceVersionDate "2022.03.31"]
[SourceQuality "1"]

1. e4 e5 2. Nf3 Nc6 3. Bb5 a6 4. Ba4 Nf6 5. O-O Be7 6. Re1 b5 7. Bb3 d6 8. c3 O-O 9. h3 Nb8 10. d4 Nbd7 11. Nbd2 Bb7 12. Bc2 Re8 13. Nf1 Bf8 14. Ng3 g6 15. b3 a5 16. d5 c6 17. c4 Nc5 18. Be3 bxc4 19. bxc4 Qc7 20. Bxc5 dxc5 21. Ba4 Red8 22. Rb1 Rab8 23. Qd2 Ba6 24. Bxc6 Bxc4 25. Qc3 Bxa2 26. Rxb8 Rxb8 27. Nxe5 Bg7 28. f4 Rb1 29. Rxb1 Bxb1 30. Qxc5 Nxe4 31. Nxe4 Bxe5 32. d6 Qc8 33. d7 1-0

[Event "Titled Tuesday intern op 28th Dec"]
[Site "Chess.com INT"]
[Date "2021.12.28"]
[Round "3"]
[White "Zhou, Qiyu"]
[Black "Mirza, Diana"]
[Result "1-0"]
[WhiteElo "2218"]
[BlackElo "1898"]
[PlyCount "67"]
[EventDate "2021.12.28"]
[EventType "swiss (blitz)"]
[EventRounds "11"]
[EventCountry "USA"]
[SourceTitle "CBM 206 Extra"]
[Source "ChessBase"]
[SourceDate "2022.03.31"]
[SourceVersion "1"]
[SourceVersionDate "2022.03.31"]
[SourceQuality "1"]

1. e4 e5 2. Nf3 d6 3. d4 exd4 4. Nxd4 Nf6 5. Nc3 g6 6. g3 Bg7 7. Bg2 O-O 8. O-O Nbd7 9. h3 Nb6 10. Bg5 h6 11. Bf4 Kh7 12. Re1 Nh5 13. Bc1 Nc4 14. b3 Ne5 15. f4 Nc6 16. Nxc6 bxc6 17. Qd3 d5 18. e5 Bf5 19. Qf3 d4 20. Ne4 Bxe4 21. Rxe4 Bh8 22. Bb2 c5 23. Rae1 Rb8 24. g4 Ng7 25. f5 g5 26. Qd3 f6 27. e6 Re8 28. Ba3 Qd6 29. Qc4 h5 30. Bxc5 Qg3 31. Qd3 Qh4 32. Qxd4 hxg4 33. hxg4 Rbd8 34. Qxf6 1-0

[Event "Titled Tuesday intern op 28th Dec"]
[Site "Chess.com INT"]
[Date "2021.12.28"]
[Round "3"]
[White "Zierk, Steven C"]
[Black "Odegov, Artem"]
[Result "1-0"]
[WhiteElo "2488"]
[BlackElo "2286"]
[PlyCount "81"]
[EventDate "2021.12.28"]
[EventType "swiss (blitz)"]
[EventRounds "11"]
[EventCountry "USA"]
[SourceTitle "CBM 206 Extra"]
[Source "ChessBase"]
[SourceDate "2022.03.31"]
[SourceVersion "1"]
[SourceVersionDate "2022.03.31"]
[SourceQuality "1"]

1. b3 Nf6 2. Bb2 g6 3. Nf3 Bg7 4. g3 O-O 5. Bg2 d6 6. d4 Nc6 7. O-O Bg4 8. c4 e6 9. Nbd2 Qe7 10. h3 Bxf3 11. Nxf3 Rae8 12. a4 Ne4 13. a5 a6 14. e3 f5 15. Nd2 Nf6 16. Qc2 g5 17. d5 Nd8 18. dxe6 Nxe6 19. Qxf5 Nh5 20. Qc2 c6 21. b4 Bxb2 22. Qxb2 Neg7 23. b5 cxb5 24. cxb5 Rf6 25. Rac1 Ref8 26. b6 Rxf2 27. Rxf2 Qxe3 28. Qb3+ Qxb3 29. Rxf8+ Kxf8 30. Nxb3 Nxg3 31. Rc8+ Kf7 32. Bxb7 Kg6 33. Bf3 Ne2+ 34. Bxe2 Nf5 35. b7 Ng3 36. Bd3+ Kh5 37. b8=Q Ne2+ 38. Bxe2+ Kh4 39. Qxd6 h5 40. Kh2 g4 41. Qf6# 1-0

[Event "Titled Tuesday intern op 28th Dec"]
[Site "Chess.com INT"]
[Date "2021.12.28"]
[Round "4"]
[White "Abdrlauf, Elham"]
[Black "Iskusnyh, Sergei"]
[Result "1-0"]
[WhiteElo "2350"]
[BlackElo "2473"]
[PlyCount "61"]
[EventDate "2021.12.28"]
[EventType "swiss (blitz)"]
[EventRounds "11"]
[EventCountry "USA"]
[SourceTitle "CBM 206 Extra"]
[Source "ChessBase"]
[SourceDate "2022.03.31"]
[SourceVersion "1"]
[SourceVersionDate "2022.03.31"]
[SourceQuality "1"]

1. e4 e6 2. d4 d5 3. Nc3 Nf6 4. Bg5 dxe4 5. Nxe4 Nbd7 6. Nf3 h6 7. Bxf6 Nxf6 8. Bd3 Nxe4 9. Bxe4 c5 10. Qe2 Qa5+ 11. c3 Be7 12. dxc5 Qxc5 13. O-O O-O 14. Rad1 Bf6 15. Rfe1 Qc7 16. Bc2 Bd7 17. Qd3 Rfd8 18. Qh7+ Kf8 19. Nd4 e5 20. f4 g6 21. Bxg6 Bg4 22. fxe5 Bg7 23. Rf1 Rd7 24. Bxf7 Rxf7 25. Rxf7+ Qxf7 26. Rf1 Qxf1+ 27. Kxf1 Re8 28. Nf5 Bxf5 29. Qxf5+ Kg8 30. Qd7 Re7 31. Qxe7 1-0

[Event "Titled Tuesday intern op 28th Dec"]
[Site "Chess.com INT"]
[Date "2021.12.28"]
[Round "4"]
[White "Andersson, Bjorn2"]
[Black "Chernyavsky, Alexander"]
[Result "1-0"]
[WhiteElo "2129"]
[BlackElo "2327"]
[PlyCount "61"]
[EventDate "2021.12.28"]
[EventType "swiss (blitz)"]
[EventRounds "11"]
[EventCountry "USA"]
[SourceTitle "CBM 206 Extra"]
[Source "ChessBase"]
[SourceDate "2022.03.31"]
[SourceVersion "1"]
[SourceVersionDate "2022.03.31"]
[SourceQuality "1"]

1. e4 e6 2. d4 d5 3. e5 c5 4. c3 Bd7 5. Nf3 Qb6 6. a3 Bb5 7. c4 Bxc4 8. Bxc4 dxc4 9. d5 Ne7 10. Nc3 exd5 11. Nxd5 Qc6 12. Ne3 b5 13. O-O Nd7 14. a4 a6 15. axb5 axb5 16. Rxa8+ Qxa8 17. Re1 Qc6 18. Qd6 g6 19. Ng4 Bg7 20. Qxc6 Nxc6 21. Nf6+ Bxf6 22. exf6+ Kd8 23. Rd1 Kc7 24. Bf4+ Kc8 25. Ng5 Nd8 26. Rd6 Re8 27. Kf1 h6 28. Nf3 Nb7 29. Rc6+ Kd8 30. Bc7+ Kc8 31. Nd4 1-0

[Event "Titled Tuesday intern op 28th Dec"]
[Site "Chess.com INT"]
[Date "2021.12.28"]
[Round "4"]
[White "Anuj, Shrivatri"]
[Black "Jovic, Stanoje"]
[Result "1-0"]
[WhiteElo "2350"]
[BlackElo "2182"]
[PlyCount "35"]
[EventDate "2021.12.28"]
[EventType "swiss (blitz)"]
[EventRounds "11"]
[EventCountry "USA"]
[SourceTitle "CBM 206 Extra"]
[Source "ChessBase"]
[SourceDate "2022.03.31"]
[SourceVersion "1"]
[SourceVersionDate "2022.03.31"]
[SourceQuality "1"]

1. e4 c6 2. d4 d5 3. e5 c5 4. Nf3 Nc6 5. dxc5 Bg4 6. Bb5 e6 7. b4 a5 8. c3 f6 9. h3 Bh5 10. O-O fxe5 11. g4 Bg6 12. Nxe5 Rc8 13. Nd2 Nf6 14. Nb3 Ne4 15. Qf3 Qf6 16. Bf4 Nxc3 17. g5 Qxf4 18. Qxf4 1-0

[Event "Titled Tuesday intern op 28th Dec"]
[Site "Chess.com INT"]
[Date "2021.12.28"]
[Round "4"]
[White "Aslanov, Umid Fuad"]
[Black "Rostovtsev, Dmitry"]
[Result "0-1"]
[WhiteElo "2187"]
[BlackElo "2188"]
[PlyCount "52"]
[EventDate "2021.12.28"]
[EventType "swiss (blitz)"]
[EventRounds "11"]
[EventCountry "USA"]
[SourceTitle "CBM 206 Extra"]
[Source "ChessBase"]
[SourceDate "2022.03.31"]
[SourceVersion "1"]
[SourceVersionDate "2022.03.31"]
[SourceQuality "1"]

1. e4 c5 2. Nf3 d6 3. d4 cxd4 4. Nxd4 Nf6 5. Nc3 Nc6 6. Bc4 e6 7. Bb3 a6 8. Be3 Qc7 9. Qe2 Be7 10. f3 O-O 11. g4 Nxd4 12. Bxd4 e5 13. Be3 Be6 14. h4 b5 15. h5 b4 16. Nd5 Nxd5 17. exd5 Bd7 18. g5 a5 19. g6 f5 20. h6 hxg6 21. hxg7 Rfe8 22. Qh2 Kf7 23. Qh7 Rg8 24. Bh6 f4 25. c4 Bf5 26. Rc1 Qc5 0-1

[Event "Titled Tuesday intern op 28th Dec"]
[Site "Chess.com INT"]
[Date "2021.12.28"]
[Round "4"]
[White "Avazkhonov, Alikhon"]
[Black "Karas, Marek"]
[Result "1-0"]
[WhiteElo "1538"]
[BlackElo "2303"]
[PlyCount "61"]
[EventDate "2021.12.28"]
[EventType "swiss (blitz)"]
[EventRounds "11"]
[EventCountry "USA"]
[SourceTitle "CBM 206 Extra"]
[Source "ChessBase"]
[SourceDate "2022.03.31"]
[SourceVersion "1"]
[SourceVersionDate "2022.03.31"]
[SourceQuality "1"]

1. c4 e5 2. g3 Nf6 3. Bg2 c6 4. Nf3 e4 5. Nd4 Qb6 6. e3 d5 7. Nc3 Be7 8. d3 exd3 9. cxd5 cxd5 10. Qxd3 Be6 11. O-O O-O 12. e4 dxe4 13. Nxe4 Rd8 14. Be3 Nc6 15. Nxe6 Rxd3 16. Bxb6 axb6 17. Nc7 Rc8 18. Nxf6+ Bxf6 19. Nd5 Bd4 20. Rac1 Rd8 21. Rfd1 Rxd1+ 22. Rxd1 g6 23. b4 Kg7 24. b5 Na5 25. Rxd4 Rc8 26. h4 Rc1+ 27. Bf1 Nc4 28. Rxc4 Rd1 29. Ne3 Rb1 30. Ra4 Kf6 31. Ra7 1-0

[Event "Titled Tuesday intern op 28th Dec"]
[Site "Chess.com INT"]
[Date "2021.12.28"]
[Round "4"]
[White "Ballester Llagaria, Luis Eduardo"]
[Black "Ibrahimli, Murad Sultanali"]
[Result "0-1"]
[WhiteElo "2298"]
[BlackElo "2418"]
[PlyCount "100"]
[EventDate "2021.12.28"]
[EventType "swiss (blitz)"]
[EventRounds "11"]
[EventCountry "USA"]
[SourceTitle "CBM 206 Extra"]
[Source "ChessBase"]
[SourceDate "2022.03.31"]
[SourceVersion "1"]
[SourceVersionDate "2022.03.31"]
[SourceQuality "1"]

1. e4 c5 2. Nc3 Nc6 3. Bb5 Nd4 4. Nf3 e6 5. O-O a6 6. Bd3 Nc6 7. Be2 Nge7 8. d4 cxd4 9. Nxd4 Nxd4 10. Qxd4 Nc6 11. Qd3 Qc7 12. f4 b5 13. a3 Bc5+ 14. Kh1 Bb7 15. Be3 Bxe3 16. Qxe3 O-O 17. Rad1 Ne7 18. f5 f6 19. Bg4 e5 20. Bf3 Rfd8 21. Rd2 Rac8 22. Rfd1 d5 23. Nxd5 Bxd5 24. exd5 Nxf5 25. Qb3 Nd6 26. Bg4 f5 27. Be2 g6 28. h4 Kg7 29. Bf3 Qc4 30. Qe3 Qxh4+ 31. Kg1 e4 32. Be2 f4 33. Qd4+ Qf6 34. Bg4 Qxd4+ 35. Rxd4 Rxc2 36. Rf1 h5 37. Bd1 Rxb2 38. Rxf4 Nf5 39. Rdxe4 Rxd5 40. Bf3 Rc5 41. Rb4 Rd2 42. a4 Ra2 43. axb5 Ra1+ 44. Kh2 Rcc1 45. Rxf5 gxf5 46. b6 Rcb1 47. Rxb1 Rxb1 48. b7 a5 49. Kg3 a4 50. Be4 fxe4 0-1

[Event "Titled Tuesday intern op 28th Dec"]
[Site "Chess.com INT"]
[Date "2021.12.28"]
[Round "4"]
[White "Bethke, Richard"]
[Black "Gazis, Efstathios"]
[Result "0-1"]
[WhiteElo "2327"]
[BlackElo "2141"]
[PlyCount "52"]
[EventDate "2021.12.28"]
[EventType "swiss (blitz)"]
[EventRounds "11"]
[EventCountry "USA"]
[SourceTitle "CBM 206 Extra"]
[Source "ChessBase"]
[SourceDate "2022.03.31"]
[SourceVersion "1"]
[SourceVersionDate "2022.03.31"]
[SourceQuality "1"]

1. e4 e6 2. d4 d5 3. Nd2 c5 4. exd5 Qxd5 5. Ngf3 cxd4 6. Bc4 Qd6 7. O-O Nf6 8. Nb3 Nc6 9. Nbxd4 Nxd4 10. Nxd4 a6 11. Re1 Bd7 12. c3 Qc7 13. Bb3 Bd6 14. h3 O-O-O 15. Qf3 Kb8 16. Be3 e5 17. Nf5 e4 18. Nxd6 exf3 19. Nxf7 fxg2 20. Nxh8 Rxh8 21. Rad1 Bxh3 22. Rd4 Re8 23. Red1 Rxe3 24. fxe3 Ng4 25. Rd6 Qc5 26. R1d3 Qe5 0-1

[Event "Titled Tuesday intern op 28th Dec"]
[Site "Chess.com INT"]
[Date "2021.12.28"]
[Round "4"]
[White "Bilan, Danila"]
[Black "Bach, Matthias"]
[Result "1-0"]
[WhiteElo "2303"]
[BlackElo "2243"]
[PlyCount "69"]
[EventDate "2021.12.28"]
[EventType "swiss (blitz)"]
[EventRounds "11"]
[EventCountry "USA"]
[SourceTitle "CBM 206 Extra"]
[Source "ChessBase"]
[SourceDate "2022.03.31"]
[SourceVersion "1"]
[SourceVersionDate "2022.03.31"]
[SourceQuality "1"]

1. d4 Nf6 2. Nf3 c5 3. e3 b6 4. c4 cxd4 5. exd4 Bb7 6. Nc3 g6 7. Bf4 Bg7 8. d5 O-O 9. Be2 d6 10. O-O Nbd7 11. Rc1 Nh5 12. Bg5 h6 13. Be3 Nhf6 14. Nd4 Rc8 15. Qd2 Kh7 16. f4 Nc5 17. Bf3 e5 18. dxe6 Bxf3 19. Rxf3 fxe6 20. b4 Nce4 21. Nxe4 Nxe4 22. Qd3 Bxd4 23. Qxe4 Bxe3+ 24. Rxe3 Re8 25. Rd1 Qc7 26. Rg3 Rg8 27. Qxe6 Qxc4 28. Qxd6 Rcd8 29. Qe7+ Kh8 30. Qf6+ Kh7 31. Rxd8 Qc1+ 32. Kf2 Qc2+ 33. Kf3 Rg7 34. Qd4 Re7 35. Qh8# 1-0